Teams in europe's top five leagues beginning with A - Statistics

General Stats
  • This quiz has been taken 20 times
  • The average score is 6 of 10
Answer Stats
Hint Answer % Correct
England Arsenal
100%
England Aston villa
83%
Spain Atletico madrid
83%
Italy Atalanta
72%
Germany Augsburg
61%
France Auxerre
61%
France Angers
44%
Spain Almeria
39%
France Ajaccio
33%
Spain Athletic club
22%
No matching quizzes found
Score Distribution
Percent of People with Each Score
Percentile by Number Answered
Your Score History
You have not taken this quiz